000 00565nam a22001937a 4500
005 20210419074214.0
008 201121s1972 ||||| |||| 00| 0 eng d
040 _aeng
_cDLC
080 _a821.111
_bS-87
100 _9253
_aStout, Rex
245 _aThree Witnesses
_b: A Nero Wolfe Novel.
_c/ by: Bantam Books
260 _aNew York
_bBantam Books
_c1972
300 _a179 p.
365 _b0.75 usd
490 _aA Nero Wolfe Novel
650 0 _9254
_aEnglish literature
653 _aინგლისური ლიტერატურა
942 _2udc
_cBK
999 _c1924
_d1924